Brawl Stars - Brawler by their trios - Statistics

General Stats
  • This quiz has been taken 311 times
    283 since last reset
  • The average score is 56 of 86
Answer Stats
Trios Brawlers % Correct
Snowtel Gale
93%
Snowtel Lou
90%
Snowtel Mr.P
86%
Pirates Darryl
81%
Pirates Penny
79%
Stunt Show Stu
79%
Sushi Shop Kenji
77%
Arcade 8-Bit
76%
Goldarm Gang Belle
76%
Ranger Ranch Shelly
76%
Ranger Ranch Colt
75%
Ranger Ranch Spike
75%
Goldarm Gang Sam
74%
Castle Courtyard Ash
72%
Stunt Show Bonnie
72%
Candyland Mandy
72%
Mexican Entertainers Poco
72%
Gem Miners Carl
70%
Gem Miners Dynamike
70%
Stunt Show Janet
70%
Pirates Tick
70%
Candyland Chester
68%
Mexican Entertainers El Primo
68%
The Undeads Frank
68%
Ghost Station Gus
68%
Enchanted Woods Lily
68%
The Undeads Mortis
68%
Shaman Tribe Nita
68%
The Undeads Emz
67%
Castle Courtyard Grom
67%
Junker Family Jessie
67%
Junker Family Pam
67%
Townsfolk Piper
67%
Biology Team Rosa
67%
Candyland Berry
66%
Arcade Brock
66%
Retropolis Gang Bull
66%
Shaman Tribe Leon
66%
Castle Courtyard Moe
66%
Junker Family Nani
66%
Goldarm Gang Pearl
66%
Mexican Entertainers Amber
65%
Shaman Tribe Bo
65%
Bizarre Circus Charlie
65%
Enchanted Woods Cordelius
65%
Retropolis Gang Crow
65%
Gift Shop Edgar
65%
Gift Shop Griff
65%
Townsfolk Barley
64%
Gift Shop Colette
64%
Arcade Rico
64%
Ghost Station Shade
64%
Biology Team Sprout
64%
Swamp of Love Angelo
63%
Retropolis Gang Bibi
63%
Starr Theater Buster
63%
Starr Theater Fang
63%
Brawlywood Lola
63%
Superheroes Surge
63%
Ghost Station Chuck
62%
Gem Miners Jacky
62%
Starr Toon Studio Kit
62%
Deep Sea Otis
62%
Biology Team Bea
61%
Townsfolk Byron
61%
Superheroes Max
61%
Karaoke Melodie
61%
Swamp of Love Willow
61%
Superheroes Meg
59%
Starr Force Ruffs
58%
Brawlywood Gray
57%
Brawlywood Mico
57%
Velocirapids Buzz
56%
Starr Theater Maisie
56%
Velocirapids Doug
55%
Deep Sea Hank
55%
Starr Force Squeak
55%
Starr Park Hub R-T
54%
Deep Sea Clancy
53%
Starr Force Eve
53%
Mystic Wanderer Gene
52%
Strange objects shop Juju
52%
Starr Park Hub Larry & Lawrie
52%
Mystic Wanderer Sandy
52%
Mystic Wanderer Tara
52%
Mad Evil Manor Draco
46%
No matching quizzes found
Score Distribution
Percent of People with Each Score
Percentile by Number Answered
Your Score History
You have not taken this quiz since the last reset